The Islamic State in Afghanistan and Pakistan : (Record no. 140534)
[ view plain ]
| 000 -LEADER | |
|---|---|
| fixed length control field | 01479nam a22002777a 4500 |
| 005 - DATE AND TIME OF LATEST TRANSACTION | |
| control field | 20260416113035.0 |
| 008 - FIXED-LENGTH DATA ELEMENTS--GENERAL INFORMATION | |
| fixed length control field | 260416m20252023|||||||| |||| 00| 0 eng d |
| 020 ## - INTERNATIONAL STANDARD BOOK NUMBER | |
| International Standard Book Number | 9781962551809 |
| 020 ## - INTERNATIONAL STANDARD BOOK NUMBER | |
| International Standard Book Number | 1962551806 |
| 040 ## - CATALOGING SOURCE | |
| Transcribing agency | PK-LaUMT |
| 082 ## - DEWEY DECIMAL CLASSIFICATION NUMBER | |
| Classification number | 363.325095491 |
| Item number | AMI-I |
| 100 0# - MAIN ENTRY--PERSONAL NAME | |
| Personal name | Amira Jadoon |
| 245 14 - TITLE STATEMENT | |
| Title | The Islamic State in Afghanistan and Pakistan : |
| Remainder of title | strategic alliances and rivalries / |
| Statement of responsibility, etc | by Amira Jadoon and Andrew Mines |
| 260 ## - PUBLICATION, DISTRIBUTION, ETC. (IMPRINT) | |
| Place of publication, distribution, etc | Boulder : |
| Name of publisher, distributor, etc | Lynne Rienner Publishers, |
| Date of publication, distribution, etc | 2025 |
| 300 ## - PHYSICAL DESCRIPTION | |
| Extent | xi, 241 p. |
| 500 ## - GENERAL NOTE | |
| General note | Includes bibliographical references and index. |
| 520 ## - SUMMARY, ETC. | |
| Summary, etc | "The deadly attack on Kabul's airport in August 2021 shocked the world and brought concentrated attention to the Islamic State Khorasan Province (ISK). New questions quickly arose: How did this ISIS affiliate become such a force in Afghanistan and Pakistan? And why is it now a lethal threat to the Taliban? Addressing these questions, Amira Jadoon and Andrew Mines draw on original data and newly available primary sources to dissect ISK's inner workings and explain its rise and resilience"-- Provided by publisher |
| 546 ## - LANGUAGE NOTE | |
| Language note | Eng |
| 650 ## - SUBJECT ADDED ENTRY--TOPICAL TERM | |
| Topical term or geographic name as entry element | Afghanistan-Politics and government-2001-2021 |
| 650 ## - SUBJECT ADDED ENTRY--TOPICAL TERM | |
| Topical term or geographic name as entry element | Islamic State-Khorasan Province-(Organization) |
| 650 ## - SUBJECT ADDED ENTRY--TOPICAL TERM | |
| Topical term or geographic name as entry element | Pakistan-Politics and government-1988-1999 |
| 650 ## - SUBJECT ADDED ENTRY--TOPICAL TERM | |
| Topical term or geographic name as entry element | Terrorism-Afghanistan |
| 650 ## - SUBJECT ADDED ENTRY--TOPICAL TERM | |
| Topical term or geographic name as entry element | Terrorism-Pakistan |
| 700 1# - ADDED ENTRY--PERSONAL NAME | |
| Personal name | Mines, Andrew |
| 942 ## - ADDED ENTRY ELEMENTS (KOHA) | |
| Koha item type | Books |
| Withdrawn status | Lost status | Damaged status | Home library | Current library | Date acquired | Full call number | Barcode | Date last seen | Price effective from | Koha item type |
|---|---|---|---|---|---|---|---|---|---|---|
| UMT Main Campus | UMT Main Campus | 2026-04-16 | 363.325095491 AMI-I | 152358 | 2026-04-16 | 2026-04-16 | Books |
